Uniquiet (Record no. 90)
[ view plain ]
| 000 -LEADER | |
|---|---|
| fixed length control field | 00319nam a22001217a 4500 |
| 008 - FIXED-LENGTH DATA ELEMENTS--GENERAL INFORMATION | |
| fixed length control field | 230602b xxu||||| |||| 00| 0 eng d |
| 020 ## - INTERNATIONAL STANDARD BOOK NUMBER | |
| International Standard Book Number | 9966712305 |
| 082 ## - DEWEY DECIMAL CLASSIFICATION NUMBER | |
| Classification number | 923.26267 |
| Item number | PAT |
| 100 ## - MAIN ENTRY--PERSONAL NAME | |
| Titles and words associated with a name | Zarina Patel |
| Dates associated with a name | 2006 |
| 245 ## - TITLE STATEMENT | |
| Title | Uniquiet |
| Remainder of title | The Life and Times of Makhan Singh |
| 300 ## - PHYSICAL DESCRIPTION | |
| Extent | xxiii:563 p |
| Accompanying material | Pictorial |
| 942 ## - ADDED ENTRY ELEMENTS (KOHA) | |
| Source of classification or shelving scheme | Dewey Decimal Classification |
| Koha item type | Books |
| Withdrawn status | Lost status | Source of classification or shelving scheme | Damaged status | Not for loan | Home library | Current library | Date acquired | Total Checkouts | Full call number | Barcode | Date last seen | Price effective from | Koha item type |
|---|---|---|---|---|---|---|---|---|---|---|---|---|---|
| Dewey Decimal Classification | Bunge Tower Library | Bunge Tower Library | 06/02/2023 | 923.26267 PAT | 10014376 | 06/02/2023 | 06/02/2023 | Books |
